00992nam a2200217 4500003001100000008004100011040003900052041000800091082001600099111009400115245018000209260006200389300003000451650004300481650002900524650001900553700002600572700002900598700002700627856012000654LK-CoMWRAF231213b1995 |||||||| |||| 00| 0 eng d aLK-CoMWRAFdLK-CoMWRAFeLK-CoMWRAF aeng a305.42bCOP aCOPENHAGEN HEARING ON ECONOMIC JUSTICE AND WOMEN'S HUMAN RIGHTSc( Copenhagend7th March) aFrom Vienna to Beijing : bthe Copenhagen Hearing on Economic Justice and Women's Human Rights at the United Nations World Summit on Social Development, Copenhagen, March 1995 aNew Jersey:bCenter for Women's Global Leadership, c1995 a53 p. : portraits ; 28 cm aWomen- Economic conditions- Congresses aWomen- Social conditions aWomen's rights aDutt, Mallika ecomp. aFried, Susana T. ecomp. aHolcomb, Deevyecomp. uhttps://www.cwgl.rutgers.edu/docman/coalition-building-publications/367-copenhagen-hearing-on-economic-justice/file